000
00338nam a22001457a 4500
008
210310b ||||| |||| 00| 0 eng d
020
_a
9780397513185
041
_a
eng
080
_2
3rd
_a
617
082
_a
617
100
_a
5
101
_a
KIR
245
_a
Medical Management of the Surgical Patient
_c
Lubin, M, F
942
_2
udc
_c
BK
999
_c
56184
_d
56184